Circuits automobiles à l'aide d'un Onboard en SVG #2 - Statistiques

Statistiques générales
  • Ce quiz a été pris 352 fois
  • Le résultat moyen est 5 sur 10
Réponses sur la Carte
Les réponses sont colorées sur une échelle allant du rouge au vert en fonction du pourcentage des utilisateurs qui les ont devinées à leur premier essai. Vous pouvez retrouver ces pourcentages ci-dessous.
 
Statistiques - réponses
Circuit % Correct
Circuit de Monaco
100%
Baku City Circuit
86%
Indianapolis Motor Speedway
52%
Djeddah Corniche Circuit
50%
Las Vegas Strip Circuit
47%
Silverstone Circuit
39%
Red Bull Ring
34%
Circuit of the Americas
30%
Mount Panorama Circuit
21%
Circuit de Barcelone-Catalogne
20%
Aucun quiz correspondant
Distribution des résultats
% des personnes avec chaque résultat
Percentile par nombre de réponses
Votre historique - résultats
Vous n’avez pas pris ce quiz